01081nab a22002417a 4500999001500000003000400015005001700019008004100036040000700077100002800084245009000112260007200202300001300274500003900287505016100326505008900487650002600576650001800602650003300620700003000653773014300683942001300826 c5968d5968OSt20260114142635.0190605e xxu||||| |||| 00| 0 spa d cPJ 94584aMansilla, Alberto10a¿El despido discriminatorio está de moda? /cAlberto Mansilla, Daiana M. López.  aCiudad Autónoma de Buenos Aires :bThomson Reuters La Ley,c2024. ap. 89-94 aCita: TR LALEY AR/DOC/2999/2024.  aSumario: I. El plano normativo.— II. El plano jurisprudencial.— III. El plano práctico.— IV. El plano del futuro.— V. La respuesta a la pregunta.  t¿Te interesa el texto completo? Solicitalo al correo: koha@justierradelfuego.gov.ar 091316aDERECHO LABORAL 091533aDESPIDO 091577aDISCRIMINACION LABORAL 96804aLópez, Daiana M. 0 0271193168dCiudad Autónoma de Buenos Aires : Thomson Reuters La Ley, 1999-2002.tRevista de derecho del trabajo. Nº 6 - Noviembre 2024 2udccANA